DEVINE LE FAST-FOOD / RESTAURANT - Statistiques

Statistiques générales
  • Ce quiz a été pris 2 038 fois
  • Le résultat moyen est 9 sur 16
Statistiques - réponses
Par images Réponse % Correct
KFC
97%
Burger king
94%
Mcdonald's
91%
Starbucks
91%
Subway
88%
O tacos
86%
Domino's
80%
Pizza hut
70%
Quick
64%
Pepe chicken
43%
Sushi shop
41%
Five Guys
22%
Leon de Bruxelles
12%
L'entrecote
11%
Memphis coffee
7%
Steak n shake
1%
Aucun quiz correspondant
Distribution des résultats
% des personnes avec chaque résultat
Percentile par nombre de réponses
Votre historique - résultats
Vous n’avez pas pris ce quiz